000 01133cab a2200277 4500
001 ABS46442
008 090401t1992 xxu||||| |||| 00| 0 eng d
035 _a(Sirsi) u58254
041 _aeng
100 _aFeasey, D.
245 _aDevelopment planning and housing provision
260 _c1992
350 _a0
490 _aEnvironmental Policy and Practice
_v2(1) 1992, 70-82(7)
520 _aAnticipates a period of consolidation in development planning and practice as local structure plans have become established, the Planning and Compensation Act 1991 has redefined the legislative position and government is issuing regional planning guidance. The provision of housing in the 1990s will be governed by this framework and the article discusses housing patterns in the Southeast as an example.
650 _aHOUSE BUILDING LAND
650 _aHOUSEHOLD PROJECTIONS
650 _aHOUSING DEVELOPMENT
650 _aLAND SUPPLY
650 _aPOPULATION PROJECTIONS
650 _aSOCIAL HOUSING USE CLASS
650 _aSOCIAL HOUSING
690 _aPLANNING LAW AND PRACTICE
942 _n0
948 _c04/03/1997
999 _c35546
_d35546